Tables Alphabetiques Du Kitab Al-Aghani (Record no. 567)
[ view plain ]
| 000 -LEADER | |
|---|---|
| fixed length control field | 00567nam a2200241 a 4500 |
| 020 ## - INTERNATIONAL STANDARD BOOK NUMBER | |
| ISBN | |
| 082 00 - DEWEY DECIMAL CLASSIFICATION NUMBER | |
| Classification number | 892.71 |
| Author Cutter | GUI |
| 100 ## - MAIN ENTRY--AUTHOR NAME | |
| Author name | Guidi, I |
| 245 ## - TITLE STATEMENT | |
| Title | Tables Alphabetiques Du Kitab Al-Aghani |
| 260 ## - PUBLICATION, DISTRIBUTION, ETC. (IMPRINT) | |
| Place of publication | Leiden |
| Name of publisher | E. J. Brill |
| Year of publication | 1900 |
| 300 ## - PHYSICAL DESCRIPTION | |
| Number of Pages | 769p |
| 500 ## - GENERAL NOTE | |
| General note | includes index and biblioraphy |
| 505 2# - FORMATTED CONTENTS NOTE | |
| Formatted contents note | Illus |
| 650 ## - SUBJECT ADDED ENTRY--TOPICAL TERM | |
| Topical Term | Arabic-Poetry Poets |
| 942 ## - ADDED ENTRY ELEMENTS (KOHA) | |
| Koha item type | Books |
| 700 1# - | |
| -- | Guidi, I |
| Collection code | Home library | Current library | Date acquired | Cost, normal purchase price | Full call number | Accession Number | Koha item type |
|---|---|---|---|---|---|---|---|
| Henry Martyn Institute Library | Henry Martyn Institute Library | 09/17/2008 | 100.00 | 892.71 GUI | 00760 | Books |
